[Event "12th Agzamov Mem 2018"]
[Site "Tashkent UZB"]
[Date "2018.04.28"]
[Round "6.10"]
[White "Kotanjian,T"]
[Black "Egin,V"]
[Result "1-0"]
[WhiteElo "2481"]
[BlackElo "2340"]

1.d4 d5 2.c4 dxc4 3.e4 Nf6 4.e5 Nd5 5.Bxc4 Nb6 6.Bb3 Nc6 7.Be3 Bf5 8.Ne2 e6
9.O-O Qd7 10.Nbc3 O-O-O 11.Qc1 Kb8 12.Rd1 Nb4 13.Ng3 Bg6 14.Nge4 Qe8 15.Bg5 Be7
16.Nc5 Bxg5 17.Qxg5 Nc2 18.Bxc2 Bxc2 19.Rd2 Bg6 20.b3 Nd5 21.Rc1 Qe7 22.Qg3 h5
23.h4 Rhg8 24.b4 Bf5 25.Nxd5 Rxd5 26.b5 Ka8 27.a4 g5 28.a5 Qd8 29.Qc3 gxh4
30.Na6 Rd7 31.Nxc7+ Kb8 32.b6 a6 33.Qe3 h3 34.g3 h4 35.Kh2 hxg3+ 36.fxg3 Qg5
37.Qxg5 Rxg5 38.Ne8 Bg6 39.Nd6 Rxd6 40.exd6 Rd5 41.Kxh3 Rxd6 42.Kg4 Rd7 43.Kf4 f6
44.Ke3 Rg7 45.Rh2  1-0

[Event "TCh-BEL 2017-18"]
[Site "Belgium BEL"]
[Date "2018.04.29"]
[Round "11.3"]
[White "Dambacher,M"]
[Black "Varga,Zo"]
[Result "1/2-1/2"]
[WhiteElo "2468"]
[BlackElo "2448"]

1.d4 d5 2.c4 dxc4 3.e4 Nf6 4.e5 Nd5 5.Bxc4 Nb6 6.Bb3 Nc6 7.Ne2 Bf5 8.Nbc3 e6
9.a3 Be7 10.O-O Qd7 11.Be3 Rd8 12.Qc1 Na5 13.Ba2 Nac4 14.Bf4 O-O 15.Rd1 Qc6
16.a4 a6 17.a5 Nd5 18.Bb3 Nxf4 19.Nxf4 Nxa5 20.Bc2 Nc4 21.Bxf5 exf5 22.Nce2 a5
23.b3 Na3 24.d5 Qxc1 25.Rdxc1 Bb4 26.Rxc7 Rfe8 27.e6 fxe6 28.Nxe6 Rxd5 29.N2f4 Re5
30.Rxg7+ Kh8 31.Rxb7 Nc2 32.Rf1 R5xe6 33.Nxe6 Rxe6 34.Rd1 Nd4 35.Kf1 Nc6
36.Rf7 Nd4 37.Rb7 Nc6 38.Rf7  1/2-1/2

[Event "ch-VIE 2018"]
[Site "Ho Chi Minh City VIE"]
[Date "2018.05.01"]
[Round "7.1"]
[White "Tran Tuan Minh"]
[Black "Dao Thien Hai"]
[Result "1/2-1/2"]
[WhiteElo "2514"]
[BlackElo "2468"]

1.d4 d5 2.c4 dxc4 3.e4 e5 4.Nf3 exd4 5.Bxc4 Nc6 6.O-O Be6 7.Bb5 Bc5 8.b4 Bb6
9.a4 a6 10.Bxc6+ bxc6 11.a5 Ba7 12.Qd3 Ne7 13.Na3 O-O 14.Nc2 c5 15.bxc5 Bxc5
16.Ncxd4 Nc6 17.Be3 Nxd4 18.Bxd4 Bxd4 19.Qxd4 Qxd4 20.Nxd4 c5 21.Nxe6 fxe6
22.Rfc1 Rfc8 23.Rab1 Rab8 24.Kf1 Rxb1 25.Rxb1 c4 26.Ke2 c3 27.Kd3 Rc5  1/2-1/2

[Event "TCh-RUS Major League 2018"]
[Site "Sochi RUS"]
[Date "2018.05.01"]
[Round "1.1"]
[White "Bublei,P"]
[Black "Lintchevski,D"]
[Result "1/2-1/2"]
[WhiteElo "2387"]
[BlackElo "2544"]

1.d4 d5 2.c4 dxc4 3.e4 e5 4.Nf3 exd4 5.Bxc4 Bb4+ 6.Bd2 Bxd2+ 7.Nbxd2 Nc6
8.O-O Qf6 9.Bb5 Ne7 10.e5 Qg6 11.Nxd4 O-O 12.Nxc6 Nxc6 13.Bxc6 Qxc6 14.Rc1 Qe6
15.Rxc7 Qxe5 16.Qc1 Be6 17.Nf3 Qd5 18.Ng5 Rac8 19.Nxe6 Qxe6 20.h3 h6 21.Rd1 Rxc7
22.Qxc7 Qe2 23.Rd8 Rxd8 24.Qxd8+ Kh7 25.Qd4 a6 26.a4 b5 27.axb5 Qxb5 28.Qe4+ Kg8
29.Qa8+ Kh7 30.Qe4+ Kg8 31.Qa8+ Kh7 32.Qe4+ Kg8 33.Qa8+ Kh7 34.Qe4+  1/2-1/2

[Event "ch-VIE w 2018"]
[Site "Ho Chi Minh City VIE"]
[Date "2018.05.02"]
[Round "8.5"]
[White "Nguyen,Thi Phuong Thao"]
[Black "Le,Thi Thu Huong"]
[Result "1-0"]
[WhiteElo "2110"]
[BlackElo "2030"]

1.d4 d5 2.c4 dxc4 3.e4 e5 4.d5 Nf6 5.Bg5 Be7 6.Bxf6 Bxf6 7.Bxc4 Qd6 8.Nc3 a6
9.a4 O-O 10.Nge2 Bh4 11.Bd3 f5 12.exf5 Bxf5 13.Bxf5 Rxf5 14.O-O Nd7 15.Qb3 Nc5
16.Qc4 e4 17.b4 Nd3 18.Qxe4 Bxf2+ 19.Rxf2 Rxf2 20.Qxd3 Rf7 21.Qd4 Raf8 22.Ne4 Qg6
23.h3 b6 24.Rd1 h6 25.N2c3 Kh8 26.Qe5 Rd7 27.Rf1 Rxf1+ 28.Kxf1 Qf7+ 29.Kg1 Re7
30.Qg3 Qe8 31.Qd3 a5 32.b5 Re5 33.Qd4 Rf5 34.d6 cxd6 35.Qxd6 Qf7 36.Qd8+ Kh7
37.Qd3 Qg6 38.Qd4 Rf8 39.Qd5 Re8 40.h4 Qg4 41.Nf6+ gxf6 42.Qf7+ Qg7 43.Qxe8 f5
44.Qe3 f4 45.Qd3+ Kh8 46.h5 Qe5 47.Ne4 Qa1+ 48.Kf2 Qb2+ 49.Kf3 Qa2 50.Qd8+ Kg7  1-0

[Event "WCh Women 2018"]
[Site "Chongqing/Shanghai CHN"]
[Date "2018.05.03"]
[Round "1"]
[White "Ju Wenjun"]
[Black "Tan Zhongyi"]
[Result "1/2-1/2"]
[WhiteElo "2571"]
[BlackElo "2522"]

1.d4 d5 2.c4 dxc4 3.e4 c5 4.d5 e6 5.Bxc4 Nf6 6.Nc3 exd5 7.exd5 a6 8.a4 Bd6
9.Nf3 O-O 10.O-O Bg4 11.h3 Bh5 12.Bg5 Re8 13.Bd3 Nbd7 14.Ne4 Ne5 15.g4 Nxd3
16.Bxf6 gxf6 17.Qxd3 Bg6 18.Rae1 Qe7 19.Nfd2 Bf4 20.Qf3 Qe5 21.Re2 f5 22.gxf5 Qxf5
23.Rfe1 Re5 24.Nc4 Bh2+ 25.Kg2 Qxf3+ 26.Kxf3 Bxe4+ 27.Rxe4 Rxe4 28.Rxe4 Rd8
29.Ne3 b5 30.axb5 axb5 31.Re7 Kf8 32.Ra7 Be5 33.b3 c4 34.bxc4 bxc4 35.Ke4 Re8
36.Kf3 c3 37.Ra6 Rc8 38.Ke4 Bh2 39.Rc6 Rxc6 40.dxc6 Ke7 41.Nd5+ Kd6 42.Nxc3 Kxc6
43.Kf5 Bg1 44.Ne4 h6 45.Ke5 Kd7 46.Kf4 Bh2+ 47.Kf5 Ke7 48.Nf6 Bg1 49.f3 Kf8
50.Nh5 Bb6 51.Kg4 Ba5 52.Ng3 Kg7 53.Kf5 Bc7 54.Nh5+ Kf8 55.f4 Ba5 56.Ke5 Bc7+
57.Ke4 Ba5 58.Ng3 Kg7 59.Kf5 Bd2 60.Ne4 Be3 61.h4 h5 62.Nd6 f6 63.Ne4 Kf7  1/2-1/2

[Event "TCh-RUS Women 2018"]
[Site "Sochi RUS"]
[Date "2018.05.04"]
[Round "4.2"]
[White "Nechaeva,Marina"]
[Black "Belenkaya,D"]
[Result "1-0"]
[WhiteElo "2407"]
[BlackElo "2297"]

1.d4 d5 2.c4 dxc4 3.e4 Nf6 4.e5 Nd5 5.Bxc4 Nb6 6.Bb3 Nc6 7.Ne2 Bf5 8.Nbc3 e6
9.a3 Qd7 10.O-O Be7 11.Be3 O-O-O 12.Qc1 Kb8 13.Rd1 Qc8 14.Ba2 f6 15.exf6 Bxf6
16.b4 Ne7 17.Bf4 Ned5 18.Nxd5 Nxd5 19.Be5 Rd7 20.Ng3 Bg6 21.Re1 Rf8 22.Ne4 Bh4
23.g3 Bxe4 24.Rxe4 Bd8 25.Qd2 Rf3 26.Bc4 Rdf7 27.Re2 h6 28.Bd3 Bg5 29.Qc2 Qf8
30.Rae1 Rd7 31.Be4 Rc3 32.Qb2 Rc4 33.Bd3 Rc3 34.Be4 Rc4 35.Rc2 Rxc2 36.Qxc2 h5
37.Bg2 h4 38.Qg6 hxg3 39.Bxg3 Bf6 40.Rxe6 Ne7 41.Qe4 Qc8 42.Be5 Bxe5 43.Qxe5 Qf8
44.b5 Nc8 45.Re8 Qxa3 46.Qf5 Qa1+ 47.Bf1 Qxd4 48.Bh3 Rd8 49.Qxc8+  1-0

[Event "48th Bosna Open 2018"]
[Site "Sarajevo BIH"]
[Date "2018.05.05"]
[Round "1.27"]
[White "Nestorovic,De"]
[Black "Hasanovic,Jakub"]
[Result "1-0"]
[WhiteElo "2364"]
[BlackElo "1866"]

1.d4 d5 2.c4 dxc4 3.e4 c5 4.d5 e6 5.Bxc4 exd5 6.exd5 Nf6 7.Bf4 Bd6 8.Qe2+ Kf8
9.Be3 a6 10.a4 Bf5 11.Nf3 h6 12.Nc3 Nbd7 13.h3 Qc7 14.O-O Re8 15.Rfe1 Ne5
16.Nxe5 Bxe5 17.Rad1 Bd6 18.b3 Be5 19.Qd2 Qa5 20.Ne4 Qxd2 21.Bxc5+ Kg8 22.Nxf6+ gxf6
23.Rxd2 Kg7 24.Rde2 Rd8 25.Bb6 Rd7 26.Re3 Kh7 27.f4 Bd6 28.g4 Rg8 29.Kf2 Bxg4
30.hxg4 Rxg4 31.Bd3+ Kg7 32.Bf5 Rxf4+ 33.Rf3 Rxf3+ 34.Kxf3  1-0

[Event "Bodensee Open 2018"]
[Site "Bregenz AUT"]
[Date "2018.05.07"]
[Round "3.10"]
[White "Chetverik,M"]
[Black "Sucher,J"]
[Result "1-0"]
[WhiteElo "2245"]
[BlackElo "2102"]

1.d4 d5 2.c4 dxc4 3.e4 e5 4.Nf3 exd4 5.Bxc4 Nc6 6.O-O Be6 7.Bb5 Bc5 8.b4 Bb6
9.a4 a5 10.bxa5 Rxa5 11.Bd2 Ra8 12.Na3 Ne7 13.Ng5 O-O 14.Qh5 h6 15.Nxe6 fxe6
16.Nc4 Ba7 17.Ra3 Rf6 18.Qh3 Ng6 19.Bxc6 bxc6 20.e5 Rf5 21.Rg3 Kh7 22.Qg4 Qe8
23.Qe4 Rd8 24.Rd3 Rd5 25.f4 Ne7 26.Kh1 Qg6 27.Qe2 Rd8 28.g4 Rf7 29.Rg3 Qc2
30.Rc1 Qg6 31.a5 Nd5 32.Rf1 Qc2 33.Qd3+ Qxd3 34.Rxd3 Rdf8 35.Rdf3 Ne3 36.Bxe3 dxe3
37.Nxe3 Bxe3 38.Rxe3 Rxf4 39.Rxf4 Rxf4 40.Ra3 Rf8 41.a6 Ra8 42.Kg2 Kg6 43.Kf3 c5
44.a7 Kg5 45.Kg3 h5 46.h4+ Kg6 47.Ra6 Kf7 48.gxh5 Ke7 49.Kf4 Kd7 50.Kg5 Ke7
51.Kg6 Kf8 52.Ra1 c4 53.Rf1+ Ke8 54.Kxg7 Rxa7 55.h6 c5+ 56.Kg6 Ra8 57.h7 Kd7
58.Kg7 c3 59.h8=Q  1-0

[Event "Katowice Spring 2018"]
[Site "Katowice POL"]
[Date "2018.05.08"]
[Round "2.2"]
[White "Szustakowski,Antoni"]
[Black "Bakalarz,M"]
[Result "1-0"]
[WhiteElo "2331"]
[BlackElo "2288"]

1.d4 d5 2.c4 dxc4 3.e4 e5 4.Nf3 Nf6 5.Nxe5 Bb4+ 6.Nc3 O-O 7.Bxc4 Nc6 8.Nxc6 bxc6
9.f3 c5 10.Be3 cxd4 11.Qxd4 Qe7 12.Qd2 Be6 13.Bxe6 Qxe6 14.O-O c5 15.a3 Rfd8
16.Qc2 Ba5 17.Bxc5 Qc4 18.Bf2 Rd3 19.Qa4 Rxc3 20.Qxa5 Rc2 21.Rad1 h6 22.b4 a6
23.e5 Ne8 24.Qd5 Qc8 25.Bc5 Nc7 26.Qb3 Qf5 27.Qd3 Qxd3 28.Rxd3 Ne6 29.Be3 Rac8
30.Rf2 R2c3 31.Rfd2 g5 32.Kf2 Nf4 33.Bxf4 gxf4 34.Rd4 R8c4 35.Rxc4 Rxc4 36.g3 Rc3
37.a4 Rb3 38.Rd4 Rb2+ 39.Kg1 fxg3 40.hxg3 Kg7 41.Rd6 Rxb4 42.Rxa6 Rb2 43.f4 h5
44.a5 Ra2 45.f5 Re2 46.e6 fxe6 47.Rxe6 Ra2 48.a6 Ra5 49.f6+ Kf7 50.Rb6 Ra2
51.Kf1 Kg6 52.Ke1 Kf7 53.Kd1 Ra3 54.Rb7+ Kxf6 55.a7 Ke6 56.Ke2 Kf6 57.Kf2 Ra2+
58.Kf3 Kf5 59.Ke3  1-0

[Event "Katowice Spring 2018"]
[Site "Katowice POL"]
[Date "2018.05.09"]
[Round "5.5"]
[White "Szustakowski,Antoni"]
[Black "Molenda,Marcin"]
[Result "0-1"]
[WhiteElo "2331"]
[BlackElo "2383"]

1.d4 d5 2.c4 dxc4 3.e4 Nc6 4.Nf3 Bg4 5.Be3 e6 6.h3 Bxf3 7.gxf3 Qf6 8.e5 Qg6
9.Nc3 Nge7 10.Qa4 Nd5 11.Nxd5 exd5 12.O-O-O a6 13.Be2 b5 14.Qc2 Nb4 15.Qxg6 hxg6
16.Kb1 Nc6 17.f4 Rh4 18.Bf3 Ne7 19.f5 gxf5 20.Bg5 Rh7 21.Bxe7 Bxe7 22.Bxd5 Rd8
23.Bc6+ Kf8 24.d5 Rh4 25.Rhe1 g6 26.Re3 Bc5 27.Rf3 Ke7 28.Kc2 b4 29.b3 c3
30.Rfd3 Rf4 31.f3 Rh4 32.Rh1 a5 33.Kb1 Bd4 34.Re1 Rdh8 35.e6 f6 36.Rh1 Bc5  0-1

[Event "Deltalift Open 2018"]
[Site "Tylosand SWE"]
[Date "2018.05.11"]
[Round "5.1"]
[White "Sjodahl,P"]
[Black "Westerberg,J"]
[Result "1/2-1/2"]
[WhiteElo "2404"]
[BlackElo "2523"]

1.d4 d5 2.c4 dxc4 3.e4 Nf6 4.e5 Nd5 5.Bxc4 Bf5 6.Qb3 c6 7.Nc3 e6 8.Qxb7 Nb6
9.Be2 Qxd4 10.Nf3 Qd7 11.Qxd7+ N8xd7 12.Nd4 Nxe5 13.Nxf5 exf5 14.Bf4 f6 15.O-O-O Bc5
16.Kc2 O-O 17.Rhf1 a5 18.Bc1 Ng4 19.f3 Ne3+ 20.Bxe3 Bxe3 21.Rd6 Rac8 22.Ba6 Rc7
23.f4 Kf7 24.g3 Bc5 25.Rd2 Re8 26.a3 Ra7 27.Bd3 g6 28.Re2 Rxe2+ 29.Bxe2 Rd7
30.Bd3 Bd4 31.Rb1 h5 32.Ne2 Bc5 33.b4 axb4 34.axb4 Be7 35.Nc3 Rd4 36.b5 cxb5
37.Rxb5 Nd7 38.Ne2 Rb4 39.Rxb4 Bxb4 40.Bc4+ Ke7 41.Nd4 Bc5 42.Nf3 Kf8 43.Kd3 Bb6
44.Ke2 Nc5 45.Kf1 Ne4 46.Kg2 Kg7 47.Nh4 Nf2 48.Be6 Ng4 49.Bd7 Kf7 50.Bc8 Ne3+
51.Kh1 Nc4 52.Ba6 Ne3 53.Bd3 Nd1 54.Bc2 Nc3 55.Kg2 Nb5 56.Bb3+ Kg7 57.Bc2 Nc3
58.Bd3 Nd5 59.Bb1 Ne7 60.Bc2 Kf7 61.Bb3+ Ke8 62.Be6 Be3 63.Kf3 Bc1 64.Ke2 Bb2
65.Kf2 Ba3 66.Kf1 Bc1 67.Ke2 Kd8 68.Kd1 Bb2 69.Ke1 Kc7 70.Nf3 Kd6 71.Bf7 Bc1
72.h4 Be3  1/2-1/2

[Event "1st Bamberg Open 2018"]
[Site "Bamberg GER"]
[Date "2018.05.12"]
[Round "5.1"]
[White "Kunin,V"]
[Black "Karpatchev,A"]
[Result "1-0"]
[WhiteElo "2545"]
[BlackElo "2463"]

1.d4 d5 2.c4 dxc4 3.e4 Nc6 4.Nf3 Bg4 5.d5 Ne5 6.Bf4 Ng6 7.Be3 e5 8.Bxc4 Nh4
9.Rg1 a6 10.Nbd2 Ng6 11.Qb3 b5 12.Bd3 Bd6 13.a4 bxa4 14.Qxa4+ Bd7 15.Qc2 Nf6
16.Rxa6 Rxa6 17.Bxa6 O-O 18.Bd3 Qe7 19.Ke2 Nf4+ 20.Bxf4 exf4 21.Qc4 Rb8 22.Ra1 Ng4
23.Kf1 g6 24.h3 Ne5 25.Nxe5 Qxe5 26.Qc3 Qe8 27.Nf3 Bb5 28.e5 Bxd3+ 29.Qxd3 Bxe5
30.Re1 f6 31.Kg1 Qb5 32.Nxe5 fxe5 33.Qc3 Qxd5 34.Rxe5 Qf7 35.Qd4 Rf8 36.Qe4 Qf6
37.b4 f3 38.g3 Rf7 39.h4 Kg7 40.h5  1-0

[Event "North Eastern Masters GM"]
[Site "Herndon USA"]
[Date "2018.05.20"]
[Round "4.4"]
[White "Balakrishnan,Praveen"]
[Black "Priyadharshan,K"]
[Result "0-1"]
[WhiteElo "2410"]
[BlackElo "2530"]

1.d4 d5 2.c4 dxc4 3.e4 e5 4.Nf3 Bb4+ 5.Nc3 Nf6 6.Bxc4 exd4 7.Nxd4 O-O 8.f3 Qe7
9.Be3 Rd8 10.Qe2 c5 11.Nc2 Bxc3+ 12.bxc3 Nc6 13.Bg5 Na5 14.O-O Qe5 15.Rad1 Bd7
16.Bh4 Qxc3 17.Bd5 Ba4 18.Ne3 Bxd1 19.Rxd1 Nc6 20.Rd3 Qe5 21.Nc4 Qf4 22.g3 Qh6
23.f4 Nb4 24.Bxf7+ Kxf7 25.Ne5+ Kf8 26.Rxd8+ Rxd8 27.Qc4 Qh5 28.Qxc5+ Ke8
29.g4 Qxh4 30.Qxb4 Rd1+ 31.Kg2 Qe1 32.Qb5+ Nd7 33.Qc4 Qg1+ 34.Kh3 Qf1+  0-1

[Event "93rd ch-ARG Semi-Final"]
[Site "Buenos Aires ARG"]
[Date "2018.05.21"]
[Round "3.4"]
[White "Sorin,A"]
[Black "Zapata Charles,Santiago"]
[Result "0-1"]
[WhiteElo "2405"]
[BlackElo "2367"]

1.d4 d5 2.c4 dxc4 3.e4 Nc6 4.Be3 Nf6 5.f3 e5 6.d5 Nb4 7.Nc3 Nd3+ 8.Bxd3 cxd3
9.Qxd3 c6 10.Nge2 cxd5 11.exd5 Bd6 12.Rc1 a6 13.O-O O-O 14.Ng3 Bd7 15.Nf5 Bb4
16.Rfd1 Re8 17.Ng3 Rc8 18.a3 Bf8 19.Qe2 e4 20.Ngxe4 Nxe4 21.fxe4 f5 22.Rf1 Bd6
23.Qf2 Qe7 24.Rce1 fxe4 25.Bd4 Rf8 26.Qe3 Rxf1+ 27.Rxf1 Re8 28.b4 Qh4 29.g3 Qh5
30.Bc5 Bb8 31.d6 b6 32.Bxb6 Bxd6 33.Rd1 Qg6 34.Bc5 Bxc5 35.bxc5 Bg4 36.Rd6 Qf7
37.Rd2 Qb3 38.Rf2 Qxa3 39.Qf4 Bf3 40.Nxe4 Qa1+ 41.Rf1 Qd4+ 42.Rf2 Rf8 43.Nf6+ Qxf6
44.Rxf3 Qa1+ 45.Rf1 Qxf1+  0-1

[Event "93rd ch-ARG Semi-Final"]
[Site "Buenos Aires ARG"]
[Date "2018.05.25"]
[Round "7.18"]
[White "Cabrera Pando,R"]
[Black "Slipak,S"]
[Result "1/2-1/2"]
[WhiteElo "2152"]
[BlackElo "2444"]

1.d4 d5 2.c4 dxc4 3.e4 e5 4.Nf3 Nf6 5.Bg5 exd4 6.Bxc4 Be7 7.e5 Ne4 8.Bxe7 Qxe7
9.Qxd4 Bf5 10.O-O O-O 11.Nc3 Nxc3 12.Qxc3 Nd7 13.Rfe1 Nb6 14.Nd4 Bg6 15.f4 Nxc4
16.Qxc4 Rad8 17.b4 Qh4 18.g3 Qg4 19.e6 Rfe8 20.exf7+ Bxf7 21.Rxe8+ Rxe8 22.Qxc7 h5
23.Qxb7 Rd8 24.Qe4 h4 25.Qf5 Qxf5 26.Nxf5 h3 27.Rc1 Bxa2 28.Rc7 Rd2 29.Ne3 Bf7
30.Rxa7 Rb2 31.Ra8+ Kh7 32.Rb8 Rb1+ 33.Kf2 Rb2+ 34.Kg1 Rb1+ 35.Kf2 Rb2+ 36.Kg1  1/2-1/2

[Event "TCh-FRA Top 12 2018"]
[Site "Brest FRA"]
[Date "2018.06.03"]
[Round "9.1"]
[White "Van Hoolandt,P"]
[Black "Bollengier,Andreea"]
[Result "1/2-1/2"]
[WhiteElo "2086"]
[BlackElo "2260"]

1.d4 d5 2.c4 dxc4 3.e4 Nf6 4.e5 Nd5 5.Bxc4 Nc6 6.Ne2 Nb6 7.Bd3 Bg4 8.f3 Be6
9.Nbc3 Bc4 10.Bxc4 Nxc4 11.e6 fxe6 12.Qb3 Nb6 13.Be3 Qd7 14.Rd1 Nd5 15.Bf2 Na5
16.Qc2 Nc4 17.Qc1 Nd6 18.O-O g6 19.Rfe1 O-O-O 20.Ng3 Bg7 21.Nge4 b6 22.Qc2 Bf6
23.a4 a5 24.Qb3 Nb7 25.Nb5 Nd6  1/2-1/2

[Event "Icelandic Open 2018"]
[Site "Reykjavik ISL"]
[Date "2018.06.03"]
[Round "4.14"]
[White "Hardarson,Petur Palmi"]
[Black "Helgadottir,Idunn"]
[Result "1-0"]
[WhiteElo "1748"]
[BlackElo "1163"]

1.d4 d5 2.c4 dxc4 3.e4 Nc6 4.Be3 Nf6 5.Nc3 e5 6.d5 Ne7 7.Bxc4 Ng6 8.Nge2 Bb4
9.Qa4+ Bd7 10.Qxb4 a5 11.Qa3 Ne7 12.Bc5 Ng6 13.f3 b6 14.Be3 Ne7 15.Bg5 O-O
16.Bxf6 gxf6 17.g4 Nc8 18.Nb5 Bxb5 19.Bxb5 Nd6 20.Bc6 Ra6 21.Qd3 Qc8 22.Ng3 Kh8
23.Nh5 b5 24.Qd2 Nc4 25.Qh6 Rg8 26.Qxf6+ Rg7 27.Qxg7+  1-0

[Event "29th NATO Chess 2018"]
[Site "Lubbock USA"]
[Date "2018.06.05"]
[Round "2.11"]
[White "Koopmeiners,K"]
[Black "Watters,C"]
[Result "0-1"]
[WhiteElo "1991"]
[BlackElo "2175"]

1.d4 d5 2.c4 dxc4 3.e4 Nc6 4.d5 Ne5 5.f4 e6 6.Qd4 Nd3+ 7.Bxd3 cxd3 8.Qxd3 c6
9.Nc3 Nf6 10.Be3 Bb4 11.O-O-O Bxc3 12.Qxc3 cxd5 13.exd5 O-O 14.dxe6 Nd5 15.e7 Qxe7
16.Rxd5 Be6 17.Bc5 Qc7 18.Rg5 Qxf4+ 19.Qe3 Qc4+ 20.Kd2 Rfd8+ 21.Ke1 Rd3 22.Qe5 g6
23.Ne2 Rad8 24.Be7 Re8 25.Qf6 Rd7 26.Ba3 Bf5  0-1

[Event "29th NATO Chess 2018"]
[Site "Lubbock USA"]
[Date "2018.06.06"]
[Round "4.12"]
[White "Cheung,J"]
[Black "Watters,C"]
[Result "0-1"]
[WhiteElo "2043"]
[BlackElo "2175"]

1.d4 d5 2.c4 dxc4 3.e4 Nc6 4.Nf3 Bg4 5.Be3 e6 6.Bxc4 Bxf3 7.gxf3 Bb4+ 8.Nc3 Qf6
9.e5 Qh4 10.Qa4 Ne7 11.O-O-O Bxc3 12.bxc3 O-O 13.f4 a6 14.Qc2 Nf5 15.Bd3 Nce7
16.Be4 c6 17.Kb2 b5 18.Ka1 g6 19.Bc1 a5 20.Ba3 b4 21.cxb4 axb4 22.Bxb4 Rfd8
23.Bxe7 Nxe7 24.Qd2 Ra3 25.Qb4 Rda8 26.Bb1 Nd5 27.Qc4 Qxf4 28.Rd3 R3a4 29.Qxc6 Qxf2  0-1

[Event "ch-CHN Rapid 2018"]
[Site "Tianjin CHN"]
[Date "2018.06.06"]
[Round "1.12"]
[White "Lou Yiping"]
[Black "Xu,Xiangyu"]
[Result "0-1"]
[WhiteElo "2484"]
[BlackElo "2581"]

1.d4 d5 2.c4 dxc4 3.e4 c5 4.d5 e6 5.Bxc4 Nf6 6.Nc3 exd5 7.Nxd5 Be6 8.Bg5 Be7
9.Nxf6+ Bxf6 10.Qxd8+ Bxd8 11.Bxe6 fxe6 12.Be3 Nd7 13.O-O-O Be7 14.Ne2 Ne5
15.h3 Kf7 16.Kc2 Rhd8 17.Nc3 b6 18.a4 Nc6 19.f4 Nb4+ 20.Kb3 Rac8 21.Kc4 Nc2
22.Bf2 a6 23.Rxd8 Rxd8 24.Rd1 b5+ 25.axb5 axb5+ 26.Kb3 Rxd1 27.Nxd1 Nb4 28.Be3 c4+
29.Kc3 Nd3 30.Nf2 Bb4+ 31.Kc2 Ne1+ 32.Kd1 Nxg2 33.Bc1 Bc5 34.Ng4 Bd6 35.e5 Bc5
36.Ke2 Kg6 37.Kf3 Ne1+  0-1

[Event "Mitropa Cup 2018"]
[Site "Le Castella ITA"]
[Date "2018.06.07"]
[Round "7.2"]
[White "Drnovsek,G"]
[Black "Godena,M"]
[Result "0-1"]
[WhiteElo "2403"]
[BlackElo "2508"]

1.d4 d5 2.c4 dxc4 3.e4 e5 4.Nf3 exd4 5.Bxc4 Bb4+ 6.Nbd2 Nc6 7.O-O Nf6 8.e5 Nd5
9.Nb3 Nb6 10.Bb5 Bd7 11.Bg5 Be7 12.Bxe7 Qxe7 13.Bxc6 Bxc6 14.Nfxd4 Bd5 15.Qg4 O-O
16.Rfe1 Be6 17.Nxe6 fxe6 18.Rac1 Nd5 19.Nc5 Rf5 20.Nd3 Raf8 21.Rc4 b6 22.b4 Qd7
23.h3 Qa4 24.Qe2 a5 25.Qc2 Qxc2 26.Rxc2 axb4 27.Rc6 Ra8 28.Re4 Rxa2 29.Nxb4 Nxb4
30.Rxb4 Rfxf2 31.Rg4 Rfc2 32.Rxc2 Rxc2 33.Rd4 b5 34.Kh2 Kf7 35.Kg3 Ke7 36.Kf3 Rc3+
37.Kf2 Rc2+ 38.Kf3 Rc3+ 39.Kf2 Rc5 40.Re4 Rc2+ 41.Kf3 c5 42.Rg4 g6 43.Rh4 h5
44.Rf4 b4 45.Rf6 b3 46.Rxg6 Rc4 47.Rg7+ Kf8  0-1

[Event "Mitropa Cup 2018"]
[Site "Le Castella ITA"]
[Date "2018.06.07"]
[Round "7.2"]
[White "Kantor,G"]
[Black "Studer,N"]
[Result "1/2-1/2"]
[WhiteElo "2519"]
[BlackElo "2477"]

1.d4 d5 2.c4 dxc4 3.e4 Nf6 4.e5 Nd5 5.Bxc4 Bf5 6.Ne2 e6 7.O-O Nb6 8.Bb3 Nc6
9.Nbc3 Qd7 10.Be3 O-O-O 11.Qc1 Kb8 12.Rd1 Qe8 13.Ng3 Bg6 14.Nge4 Bf5 15.Ng3 Bg6
16.Nge4 Bf5  1/2-1/2

[Event "ch-CHN Blitz Women 2018"]
[Site "Tianjin CHN"]
[Date "2018.06.07"]
[Round "1.10"]
[White "Yuan,Ye"]
[Black "Ning,Kaiyu"]
[Result "0-1"]
[WhiteElo "2159"]
[BlackElo "2341"]

1.d4 d5 2.c4 dxc4 3.e4 Nf6 4.e5 Nd5 5.Bxc4 Nc6 6.Ne2 Nb6 7.Bb3 Bf5 8.Nbc3 e6
9.O-O Be7 10.Be3 O-O 11.f3 a5 12.a3 Bg6 13.Rc1 Qd7 14.Ne4 Nd5 15.Bf2 Rfd8
16.Nc5 Bxc5 17.Rxc5 Nce7 18.Ba4 c6 19.Bb3 Nf5 20.Qd2 b6 21.Rcc1 Rac8 22.Rfd1 Nc7
23.Bc2 Ne7 24.Bxg6 hxg6 25.Ng3 Nf5 26.Ne2 Nd5 27.b4 axb4 28.axb4 b5 29.Rc5 Nb6
30.Rcc1 Nc4 31.Qc3 Ne7 32.Ng3 Nd5 33.Qb3 Qe7 34.Rb1 Ra8 35.Ra1 Qxb4 36.Qxb4 Nxb4
37.Ne4 Nc2 38.Rac1 Nb4 39.Nc5 Ra2 40.Be1 Nd5 41.Bh4 Rda8 42.Ne4 Nde3 43.Re1 Nxg2  0-1

[Event "ch-CHN Blitz Women 2018"]
[Site "Tianjin CHN"]
[Date "2018.06.08"]
[Round "7.6"]
[White "Yuan,Ye"]
[Black "Zhao,Shengxin"]
[Result "1-0"]
[WhiteElo "2159"]
[BlackElo "2149"]

1.d4 d5 2.c4 dxc4 3.e4 Nc6 4.d5 Ne5 5.Bf4 Nd3+ 6.Bxd3 cxd3 7.Qxd3 e6 8.Nc3 Nf6
9.Nge2 exd5 10.exd5 Bd6 11.Bg5 O-O 12.h3 Be7 13.Be3 c6 14.Nf4 cxd5 15.Nfxd5 Nxd5
16.Nxd5 Be6 17.Nxe7+ Qxe7 18.O-O Rfd8 19.Qe4 Qf6 20.Qxb7 Bd5 21.Qb4 h5 22.Kh1 Qe6
23.Qh4 Bc6 24.Qxh5 Rd5 25.Qg4 Rf5 26.Rac1 Bb7 27.Rc7 Ba6 28.Rfc1 Qe5 29.R7c5  1-0

[Event "ch-CHN Blitz 2018"]
[Site "Tianjin CHN"]
[Date "2018.06.08"]
[Round "9.12"]
[White "Chu Wei Chao"]
[Black "Zhao,Zhouqiao CHN"]
[Result "1-0"]
[WhiteElo "2399"]
[BlackElo "2223"]

1.d4 d5 2.c4 dxc4 3.e4 Nf6 4.Nc3 e6 5.Bxc4 a6 6.a4 b6 7.Nf3 Bb7 8.Qe2 Bb4
9.Bd3 h6 10.O-O Nbd7 11.Rd1 Be7 12.h3 Qc8 13.Bf4 Kf8 14.Rac1 c5 15.d5 exd5
16.exd5 g5 17.Bh2 Bd8 18.Bf5 Kg7 19.Qd2 Re8 20.Re1 Be7 21.Ne5 Qd8 22.Nc6 Bxc6
23.dxc6 Nf8 24.Qxd8 Bxd8 25.c7 Bxc7 26.Bxc7 b5 27.axb5 axb5 28.Nxb5 Nd5 29.Be5+ f6
30.Nc7 Rxe5 31.Rxe5 fxe5  1-0

[Event "American Continental TB"]
[Site "Montevideo URU"]
[Date "2018.06.10"]
[Round "3.1"]
[White "Salinas Herrera,P"]
[Black "Hungaski,R"]
[Result "0-1"]
[WhiteElo "2463"]
[BlackElo "2510"]

1.d4 d5 2.c4 dxc4 3.e4 Nc6 4.Nf3 Bg4 5.Be3 Bxf3 6.gxf3 e6 7.Nc3 Bb4 8.Bxc4 Qf6
9.a3 Ba5 10.Bb5 Ne7 11.e5 Qh4 12.Qa4 O-O 13.Rg1 a6 14.Bxc6 Bxc3+ 15.bxc3 bxc6
16.Bg5 Qxh2 17.Ke2 Nf5 18.Qxc6 Rab8 19.Rgb1 Ng3+ 20.Ke3 Nf5+ 21.Ke2 Ng3+
22.Ke3 Rxb1 23.Rxb1 Nh1 24.Be7 Qxf2+ 25.Kd3 Ng3 26.Kc4 Qa2+ 27.Rb3 Rb8 28.Bb4 Qe2+  0-1

[Event "11th New York Int 2018"]
[Site "New York USA"]
[Date "2018.06.17"]
[Round "8.5"]
[White "O'Donnell,Conor"]
[Black "Hess,Ro"]
[Result "0-1"]
[WhiteElo "2395"]
[BlackElo "2574"]

1.d4 d5 2.c4 dxc4 3.e4 Nf6 4.e5 Nd5 5.Bxc4 Nb6 6.Bd3 Nc6 7.Ne2 Be6 8.Nbc3 Qd7
9.Be3 O-O-O 10.a4 Nb4 11.Ne4 Qc6 12.N2c3 Nc4 13.Be2 Bf5 14.Qb1 Bxe4 15.Qxe4 Qxe4
16.Nxe4 Nc2+ 17.Kd1 N4xe3+ 18.fxe3 Nxe3+ 19.Kd2 Nf5 20.g4 e6 21.gxf5 exf5
22.Ng3 Rxd4+ 23.Kc3 Rf4 24.Rhe1 Bb4+  0-1

[Event "Baltic zt II Stage 2018"]
[Site "Palanga LTU"]
[Date "2018.06.17"]
[Round "6.9"]
[White "Malisauskas,V"]
[Black "Kanep,M"]
[Result "1/2-1/2"]
[WhiteElo "2422"]
[BlackElo "2454"]

1.d4 d5 2.c4 dxc4 3.e4 Nc6 4.Nf3 Bg4 5.d5 Ne5 6.Bf4 Ng6 7.Bg3 e5 8.Bxc4 Bd6
9.Bb5+ Bd7 10.Qb3 Nf6 11.Bxd7+ Qxd7 12.Nc3 O-O 13.Qxb7 Rfb8 14.Qa6 Rxb2 15.O-O Rb6
16.Qd3 Nh5 17.Rfb1 Rab8 18.Rxb6 Rxb6 19.Rb1 Nhf4 20.Qd1 h6 21.h3 Rxb1 22.Qxb1 c6
23.Qb3 cxd5 24.Bxf4 Nxf4 25.Nxd5 Nxd5 26.Qxd5 Qc7 27.g3 Kh7 28.Kg2 Kg8 29.a4 g6
30.a5 Kg7 31.a6 Kf6 32.g4 Qb6 33.h4 Qc7 34.h5 Qc5 35.Qa8 Kg7 36.hxg6 fxg6
37.g5 hxg5 38.Nxg5 Kf6 39.Nf3 Qc7 40.Kg3 Kg7 41.Qe8 Qf7 42.Qxf7+ Kxf7 43.Kg4 Kf6
44.Ne1  1/2-1/2

[Event "36th Balaton GM 2018"]
[Site "Balatonlelle HUN"]
[Date "2018.06.18"]
[Round "7.3"]
[White "Kavutskiy,K"]
[Black "Varga,Zo"]
[Result "1-0"]
[WhiteElo "2397"]
[BlackElo "2470"]

1.d4 d5 2.c4 dxc4 3.e4 Nf6 4.e5 Nd5 5.Bxc4 Nb6 6.Bb3 Nc6 7.Ne2 Bg4 8.f3 Bf5
9.Nbc3 e6 10.Be3 Nb4 11.O-O h6 12.Rc1 c6 13.Ng3 Bd3 14.Nce2 Bh7 15.Ne4 N4d5
16.Bf2 Be7 17.N2g3 O-O 18.Nc5 Bg5 19.Nxb7 Qc7 20.Nc5 Ne3 21.Qe2 Nxf1 22.Rxf1 Nd5
23.Nge4 Nf4 24.Qc4 Rfd8 25.Nxg5 hxg5 26.Be3 Qe7 27.h4 Kh8 28.g3 Nd5 29.Bxg5 f6
30.Bd2 fxe5 31.Bg5 Nf6 32.dxe5 Rd5 33.exf6 gxf6 34.Be3 Rg8 35.Kh2 Qd6 36.Rg1 Rh5
37.Qd4  1-0

[Event "22nd Voronezh Master Open"]
[Site "Voronezh RUS"]
[Date "2018.06.19"]
[Round "7.3"]
[White "Belous,V"]
[Black "Popov,Iv RUS"]
[Result "1/2-1/2"]
[WhiteElo "2555"]
[BlackElo "2608"]

1.d4 d5 2.c4 dxc4 3.e4 Nf6 4.e5 Nd5 5.Bxc4 Nb6 6.Bd3 Nc6 7.Ne2 Bg4 8.Be3 Qd7
9.Nbc3 O-O-O 10.Be4 f5 11.Bxc6 Qxc6 12.O-O Bxe2 13.Qxe2 Nd5 14.Nxd5 Qxd5
15.e6 Qxe6 16.Rac1 Rd5 17.b4 g5 18.Qc2 Qd6 19.Bxg5 f4 20.Bh4 Rh5 21.g3 Rg8
22.Qa4 Kd8 23.Qb3 Qd5 24.Qxd5+ Rxd5 25.Rfd1 Kd7 26.Rc5 e6 27.Rxd5+ exd5 28.b5 Bg7
29.Bg5 fxg3 30.hxg3 Ra8  1/2-1/2